Điều tra tình hình sử dụng hóa chất và chế phẩm vi sinh trong quản lý môi trường ao nuôi tôm sú (Penaeus monodon) thâm canh ở Bến Tre, Sóc Trăng và Bạc Liêu : Luận văn tốt nghiệp Cao học ngành nuôi trồng thủy sản
Đề tài đánh giá hiện trạng nuôi tôm sú thâm canh và việc sử dụng thuốc hóa chất và các chế phẩm vi sinh trong nuôi tôm, đánh giá phương pháp quản lý thuốc hóa chất và chế phẩm vi sinh của ngành thủy sản hiện nay....
Uloženo v:
| Hlavní autor: | |
|---|---|
| Médium: | Kniha |
| Jazyk: | Undetermined |
| Vydáno: |
Cần Thơ
Trường Đại học Cần Thơ
2007
|
| Témata: | |
| Tagy: |
Přidat tag
Žádné tagy, Buďte první, kdo otaguje tento záznam!
|
| Thư viện lưu trữ: | Trung tâm Học liệu Trường Đại học Cần Thơ |
|---|
| LEADER | 01248nam a2200205Ia 4500 | ||
|---|---|---|---|
| 001 | CTU_161720 | ||
| 008 | 210402s9999 xx 000 0 und d | ||
| 082 | |a 639.68 | ||
| 082 | |b Đ552 | ||
| 100 | |a Nguyễn, Hữu Đức | ||
| 245 | 0 | |a Điều tra tình hình sử dụng hóa chất và chế phẩm vi sinh trong quản lý môi trường ao nuôi tôm sú (Penaeus monodon) thâm canh ở Bến Tre, Sóc Trăng và Bạc Liêu : | |
| 245 | 0 | |b Luận văn tốt nghiệp Cao học ngành nuôi trồng thủy sản | |
| 245 | 0 | |c Nguyễn Hữu Đức ; Nguyễn Thanh Phương (Cán bộ hướng dẫn) | |
| 260 | |a Cần Thơ | ||
| 260 | |b Trường Đại học Cần Thơ | ||
| 260 | |c 2007 | ||
| 520 | |a Đề tài đánh giá hiện trạng nuôi tôm sú thâm canh và việc sử dụng thuốc hóa chất và các chế phẩm vi sinh trong nuôi tôm, đánh giá phương pháp quản lý thuốc hóa chất và chế phẩm vi sinh của ngành thủy sản hiện nay. | ||
| 650 | |a Shrimps culture,Nuôi tôm | ||
| 904 | |i Trọng Hải | ||
| 980 | |a Trung tâm Học liệu Trường Đại học Cần Thơ | ||